| 000 | 00592nam a2200205Ia 4500 | ||
|---|---|---|---|
| 001 | 61508 | ||
| 008 | 141120s9999 xx 000 0 und d | ||
| 020 | _a0070170274 | ||
| 040 | _cPK-LaUMT | ||
| 082 |
_a 712 _bTIM- |
||
| 100 | _aHarris, Charles W. | ||
| 245 |
_aTime-saver standards for landscape architecture _bdesign and construction data _cHarris, Charles W.|Dines, Nicholas T.|Brown, Kyle D. |
||
| 250 | _a2nd | ||
| 260 |
_aNew York,USA: _bMcGraw-Hill, _c1998 |
||
| 300 | _aVarious Pages | ||
| 546 | _aEN | ||
| 700 | _aBrown, Kyle D. | ||
| 700 | _aDines, Nicholas T. | ||
| 942 | _cBK | ||
| 999 |
_c61951 _d61951 |
||